| 000 | 00614 a2200193 4500 | ||
|---|---|---|---|
| 003 | OSt | ||
| 005 | 20230906123751.0 | ||
| 008 | 230302s2019 sp a|||f |||| 001 0 spa d | ||
| 020 | _a9788484767480 | ||
| 040 | _cCHAP | ||
| 082 | 0 | 0 |
_222 _a635.915 _bG46 |
| 100 | 1 |
_947964 _aGil-Albert Velarde, Fernando |
|
| 245 | 1 | 0 |
_aManual técnico de jardinería: _bestablecimiento y manejo / _cpor Fernando Gil-Albert velarde |
| 264 | 1 |
_aEspaña: _bMundi-prensa, _c2019 |
|
| 300 |
_a368 páginas: _bIlustraciones |
||
| 504 | _aIncluye índice y bibliografía | ||
| 650 | 4 |
_9186578 _aJardines _xMantenimiento |
|
| 942 |
_cLibro _2ddc |
||
| 999 |
_c218475 _d218475 |
||